000 00501nam a2200181Ia 4500
008 090123s9999 xx 000 0 und d
082 _b16308
_a891.463/शिरव
100 _aशिरवळकर सुहास
245 _aझूम
250 _a1
260 _bशब्दस्नेह
_c1988
300 _a215
600 _aशिरवळकर सुहास
630 _aझूम
700 _aशिरवळकर सुहास
730 _aझूम
942 _cBOOK
999 _c54372
_d54372